Island, State, or Territory To Country #2 - Statistics

General Stats
  • This quiz has been taken 30 times
  • The average score is 13 of 15
Answer Stats
Hint Answer % Correct
Crete Greece
100%
Sicily Italy
100%
North Holland Netherlands
100%
Canary Islands Spain
100%
Galápagos Islands Ecuador
96%
Falkland Islands United Kingdom
96%
Baja California Mexico
92%
South Pyongan North Korea
92%
Azores Islands Portugal
92%
Guantanamo Bay United States
92%
Barbuda Antigua and Barbuda
85%
Kinshasa Province Democratic Republic of the Congo
73%
Tokelau New Zealand
62%
Big Diomede Island Russia
58%
Bioko Equatorial Guinea
23%
No matching quizzes found
Score Distribution
Percent of People with Each Score
Percentile by Number Answered
Your Score History
You have not taken this quiz